Alkuaineita kemiallisten merkkien mukaan - Statistics

Yleistilastot
  • Tätä visaa on pelattu 3 617 kertaa
  • Keskiarvotulos 18 / 24
Vastaustilastot
Kemiallinen
merkki
Alkuaine % Oikein
Au Kulta
98%
O Happi
96%
Fe Rauta
96%
Cu Kupari
94%
H Vety
94%
Na Natrium
92%
N Typpi
91%
He Helium
90%
K Kalium
89%
Li Litium
88%
Ag Hopea
87%
Ca Kalsium
85%
C Hiili
82%
U Uraani
82%
S Rikki
78%
Hg Elohopea
76%
Pb Lyijy
75%
Ne Neon
75%
I Jodi
63%
Sn Tina
57%
Si Pii
53%
As Arseeni
31%
V Vanadiini
26%
Sb Antimoni
15%
Ehtoja vastaavia visoja ei löytynyt
Tulosjakauma
Jokaisen tuloksen saaneiden osuus
Persentiili vastausten määrän mukaan
Tuloshistoriasi
Et ole pelannut tätä visaa